[Event "Greek Team Championship"]
[Site "chess24.com"]
[Date "2017.07.04"]
[Round "2"]
[White "Batzoli, Maria"]
[Black "Skiadaresi, Antonia"]
[Result "1-0"]
[Board "6"]
[WhiteElo "1359"]
[WhiteCountry "GRE"]
[WhiteFideId "25810375"]
[WhiteEloChange "11"]
[BlackElo "1394"]
[BlackCountry "GRE"]
[BlackFideId "4246578"]
[BlackEloChange "-11"]

1. e4 {[%clk 1:30:49]} c5 {[%clk 1:30:43]} 2. Nf3 {[%clk 1:31:14]} e6 {[%clk
1:31:06]} 3. c3 {[%clk 1:31:09]} d5 {[%clk 1:31:16]} 4. exd5 {[%clk 1:31:31]}
exd5 {[%clk 1:31:16]} 5. d4 {[%clk 1:31:38]} Nf6 {[%clk 1:30:14]} 6. Be3 {[%clk
1:30:51]} Bg4 {[%clk 1:27:40]} 7. Bb5+ {[%clk 1:27:58]} Nbd7 {[%clk 1:15:42]} 8.
dxc5 {[%clk 1:25:22]} Qc7 {[%clk 1:09:13]} 9. b4 {[%clk 1:22:37]} Be7 {[%clk
1:03:33]} 10. h3 {[%clk 1:22:06]} Bh5 {[%clk 1:01:20]} 11. Nbd2 {[%clk 1:20:49]}
Ne4 {[%clk 0:56:56]} 12. Nxe4 {[%clk 1:18:33]} dxe4 {[%clk 0:46:48]} 13. Qxd7+
{[%clk 1:18:44]} Qxd7 {[%clk 0:46:29]} 14. Bxd7+ {[%clk 1:19:10]} Kxd7 {[%clk
0:46:01]} 15. Nd4 {[%clk 1:19:00]} a5 {[%clk 0:38:55]} 16. g4 {[%clk 1:18:24]}
Bg6 {[%clk 0:38:00]} 17. Ke2 {[%clk 1:18:12]} axb4 {[%clk 0:32:48]} 18. cxb4
{[%clk 1:18:30]} Ra4 {[%clk 0:24:21]} 19. Rhb1 {[%clk 1:14:21]} Bf6 {[%clk
0:23:34]} 20. Rb3 {[%clk 1:11:12]} Rha8 {[%clk 0:21:48]} 21. a3 {[%clk 1:10:53]}
Ke8 {[%clk 0:16:50]} 22. Ra2 {[%clk 1:05:46]} Be5 {[%clk 0:14:31]} 23. Nb5 {[%clk
0:58:09]} Ke7 {[%clk 0:11:28]} 24. Rc2 {[%clk 0:49:02]} Rd8 {[%clk 0:08:57]} 25.
Nc3 {[%clk 0:48:15]} Rd3 {[%clk 0:06:41]} 26. Nxa4 {[%clk 0:44:49]} Rxb3 {[%clk
0:07:07]} 27. Ra2 {[%clk 0:44:35]} f6 {[%clk 0:05:51]} 28. Bc1 {[%clk 0:42:54]}
Be8 {[%clk 0:03:23]} 29. Nb6 {[%clk 0:39:58]} Bb5+ {[%clk 0:02:30]} 30. Kd1
{[%clk 0:37:23]} Rb1 {[%clk 0:02:27]} 31. a4 {[%clk 0:33:35]} Bd3 {[%clk
0:02:01]} 32. a5 {[%clk 0:33:12]} Bf4 {[%clk 0:01:54]} 33. Nd5+ {[%clk 0:33:28]}
Kf7 {[%clk 0:00:37]} 34. Nxf4 {[%clk 0:33:52]} Bc4 {[%clk 0:00:55]} 35. Rb2
{[%clk 0:34:01]} Ra1 {[%clk 0:00:34]} 36. Kc2 {[%clk 0:34:04]} Ra2 {[%clk
0:00:34]} 37. Rxa2 {[%clk 0:34:26]} Bxa2 {[%clk 0:01:03]} 38. b5 {[%clk 0:34:35]}
Bc4 {[%clk 0:01:14]} 39. c6 {[%clk 0:34:44]} bxc6 {[%clk 0:01:17]} 40. bxc6
{[%clk 1:05:09]} Ba6 {[%clk 0:31:39]} 41. Ba3 {[%clk 1:05:23]} Ke8 {[%clk
0:31:57]} 42. Kc3 {[%clk 1:05:46]} Kd8 {[%clk 0:32:13]} 43. Ne6+ {[%clk 1:06:01]}
Kc8 {[%clk 0:32:25]} 44. Kd4 {[%clk 1:06:25]} Bd3 {[%clk 0:32:25]} 45. Kc5 {[%clk
1:06:46]} g6 {[%clk 0:31:48]} 46. Kb6 {[%clk 1:07:01]} 1-0

[Event "Greek Team Championship"]
[Site "chess24.com"]
[Date "2017.07.04"]
[Round "2"]
[White "Grafakou, Sotiria-Aphrodite"]
[Black "Tzartzi, Petroula"]
[Result "0-1"]
[Board "7"]
[WhiteElo "1695"]
[WhiteCountry "GRE"]
[WhiteFideId "4249879"]
[WhiteEloChange "-18"]
[BlackElo "1243"]
[BlackCountry "GRE"]
[BlackFideId "25811169"]
[BlackEloChange "18"]

1. d4 {[%clk 1:30:54]} g6 {[%clk 1:30:42]} 2. c4 {[%clk 1:31:13]} Bg7 {[%clk
1:30:39]} 3. Nc3 {[%clk 1:31:36]} c5 {[%clk 1:30:42]} 4. Nf3 {[%clk 1:31:12]} d6
{[%clk 1:29:42]} 5. e3 {[%clk 1:30:38]} Nf6 {[%clk 1:29:28]} 6. Be2 {[%clk
1:30:44]} O-O {[%clk 1:29:30]} 7. O-O {[%clk 1:30:49]} e6 {[%clk 1:29:42]} 8. a3
{[%clk 1:30:14]} Nbd7 {[%clk 1:27:25]} 9. Rb1 {[%clk 1:28:30]} Qc7 {[%clk
1:19:00]} 10. b4 {[%clk 1:25:31]} b6 {[%clk 1:18:43]} 11. Nd2 {[%clk 1:20:40]}
Bb7 {[%clk 1:18:05]} 12. bxc5 {[%clk 1:19:00]} dxc5 {[%clk 1:17:37]} 13. Nb5
{[%clk 1:17:26]} Qc6 {[%clk 1:16:06]} 14. Bf3 {[%clk 1:15:53]} Qc8 {[%clk
1:15:19]} 15. Nd6 {[%clk 1:13:19]} Bxf3 {[%clk 1:13:01]} 16. Qxf3 {[%clk
1:13:28]} Qb8 {[%clk 1:09:16]} 17. N6e4 {[%clk 1:12:27]} Nxe4 {[%clk 1:08:39]}
18. Qxe4 {[%clk 1:11:42]} Qd6 {[%clk 1:04:52]} 19. Nb3 {[%clk 1:09:21]} Rac8
{[%clk 1:04:03]} 20. dxc5 {[%clk 1:03:46]} Nxc5 {[%clk 1:03:57]} 21. Nxc5 {[%clk
1:03:56]} Qxc5 {[%clk 1:03:16]} 22. Rb4 {[%clk 1:01:58]} Rfd8 {[%clk 1:02:19]}
23. Qb1 {[%clk 1:00:47]} Bc3 {[%clk 1:01:09]} 24. Rb3 {[%clk 0:55:33]} Qxc4
{[%clk 0:59:41]} 25. h3 {[%clk 0:52:27]} Bd2 {[%clk 0:54:25]} 26. Bxd2 {[%clk
0:52:02]} Rxd2 {[%clk 0:54:31]} 27. Rb2 {[%clk 0:50:10]} Qe2 {[%clk 0:51:44]} 28.
Rxd2 {[%clk 0:49:00]} Qxd2 {[%clk 0:51:39]} 29. a4 {[%clk 0:46:10]} Rc2 {[%clk
0:50:46]} 30. Qb5 {[%clk 0:45:03]} Ra2 {[%clk 0:49:56]} 31. Qe8+ {[%clk 0:44:06]}
Kg7 {[%clk 0:49:51]} 32. Qb8 {[%clk 0:44:13]} Rxa4 {[%clk 0:49:56]} 33. Qe5+
{[%clk 0:44:19]} Kh6 {[%clk 0:45:22]} 34. Qf6 {[%clk 0:41:06]} Qd7 {[%clk
0:44:20]} 35. f4 {[%clk 0:37:27]} b5 {[%clk 0:42:37]} 36. g4 {[%clk 0:34:25]} Qd3
{[%clk 0:36:10]} 37. Qxf7 {[%clk 0:27:26]} Qxe3+ {[%clk 0:34:18]} 38. Rf2 {[%clk
0:25:01]} Qg3+ {[%clk 0:34:02]} 39. Kf1 {[%clk 0:25:01]} Ra1+ {[%clk 0:31:33]}
40. Ke2 {[%clk 0:55:16]} Ra2+ {[%clk 1:00:48]} 41. Kd1 {[%clk 0:55:32]} Qg1+
{[%clk 1:00:41]} 42. Rf1 {[%clk 0:55:46]} Qxf1# {[%clk 1:01:03]} 0-1

[Event "Greek Team Championship"]
[Site "chess24.com"]
[Date "2017.07.04"]
[Round "2"]
[White "Papakonstantinou, Dimitrios"]
[Black "Gkikas, Vasilios"]
[Result "1/2-1/2"]
[Board "8"]
[WhiteElo "2002"]
[WhiteCountry "GRE"]
[WhiteFideId "4250990"]
[WhiteEloChange "-1"]
[BlackElo "1981"]
[BlackCountry "GRE"]
[BlackFideId "4256662"]
[BlackEloChange "1"]

1. d4 {[%clk 1:30:57]} Nf6 {[%clk 1:29:05]} 2. Nf3 {[%clk 1:31:21]} e6 {[%clk
1:28:27]} 3. c4 {[%clk 1:31:35]} Bb4+ {[%clk 1:28:20]} 4. Nbd2 {[%clk 1:31:59]}
O-O {[%clk 1:25:59]} 5. a3 {[%clk 1:31:33]} Bxd2+ {[%clk 1:25:45]} 6. Bxd2 {[%clk
1:31:58]} d6 {[%clk 1:18:14]} 7. Qc2 {[%clk 1:31:39]} Nbd7 {[%clk 1:17:15]} 8.
Bg5 {[%clk 1:26:46]} Qe8 {[%clk 1:14:44]} 9. e3 {[%clk 1:21:24]} e5 {[%clk
1:13:46]} 10. dxe5 {[%clk 1:08:47]} dxe5 {[%clk 1:13:37]} 11. Qf5 {[%clk
1:01:35]} g6 {[%clk 0:52:00]} 12. Qh3 {[%clk 0:51:36]} Nh5 {[%clk 0:46:41]} 13.
Bh6 {[%clk 0:45:50]} Ng7 {[%clk 0:44:12]} 14. Bxg7 {[%clk 0:18:41]} Kxg7 {[%clk
0:43:06]} 15. Be2 {[%clk 0:18:54]} f6 {[%clk 0:34:14]} 16. Qg3 {[%clk 0:19:03]}
Nc5 {[%clk 0:27:45]} 17. Nd2 {[%clk 0:19:28]} Bf5 {[%clk 0:21:48]} 18. b4 {[%clk
0:15:08]} Ne4 {[%clk 0:16:26]} 19. Nxe4 {[%clk 0:15:14]} Bxe4 {[%clk 0:16:51]}
20. O-O {[%clk 0:14:13]} Rd8 {[%clk 0:15:50]} 21. Qh4 {[%clk 0:03:45]} Bf5 {[%clk
0:14:57]} 22. c5 {[%clk 0:00:54]} c6 {[%clk 0:10:20]} 23. Qc4 {[%clk 0:01:15]}
Be6 {[%clk 0:10:35]} 24. Qc2 {[%clk 0:01:41]} Rf7 {[%clk 0:10:08]} 25. Rfd1
{[%clk 0:01:48]} Rfd7 {[%clk 0:09:58]} 26. h3 {[%clk 0:02:00]} Qf7 {[%clk
0:04:43]} 27. Rxd7 {[%clk 0:02:24]} Rxd7 {[%clk 0:04:54]} 28. Rd1 {[%clk
0:01:57]} Rxd1+ {[%clk 0:04:29]} 29. Qxd1 {[%clk 0:02:22]} Qd7 {[%clk 0:04:48]}
30. Qxd7+ {[%clk 0:02:46]} Bxd7 {[%clk 0:05:13]} 31. Bc4 {[%clk 0:03:14]} Kf8
{[%clk 0:04:46]} 32. f4 {[%clk 0:03:01]} exf4 {[%clk 0:04:52]} 33. exf4 {[%clk
0:03:27]} Ke7 {[%clk 0:05:05]} 34. Kf2 {[%clk 0:01:27]} Be6 {[%clk 0:04:58]} 35.
Bd3 {[%clk 0:01:53]} Bd5 {[%clk 0:02:21]} 1/2-1/2

[Event "Greek Team Championship"]
[Site "chess24.com"]
[Date "2017.07.04"]
[Round "2"]
[White "Gkikas, Ioannis"]
[Black "Karagiannis, Emmanouil"]
[Result "1-0"]
[Board "9"]
[WhiteElo "1546"]
[WhiteCountry "GRE"]
[WhiteFideId "4264550"]
[WhiteEloChange "5"]
[BlackElo "1338"]
[BlackCountry "GRE"]
[BlackFideId "4292197"]
[BlackEloChange "-5"]

1. e4 {[%clk 1:30:57]} c5 {[%clk 1:30:51]} 2. Nf3 {[%clk 1:31:21]} Nc6 {[%clk
1:31:15]} 3. d4 {[%clk 1:31:43]} cxd4 {[%clk 1:31:41]} 4. Nxd4 {[%clk 1:32:08]}
e5 {[%clk 1:32:03]} 5. Nb5 {[%clk 1:29:56]} d6 {[%clk 1:32:28]} 6. N1c3 {[%clk
1:28:29]} a6 {[%clk 1:32:45]} 7. Na3 {[%clk 1:28:54]} Be6 {[%clk 1:33:09]} 8. Nd5
{[%clk 1:25:30]} Nf6 {[%clk 1:33:15]} 9. Bg5 {[%clk 1:19:33]} Bxd5 {[%clk
1:33:20]} 10. Qxd5 {[%clk 1:00:18]} Qb6 {[%clk 1:11:50]} 11. Bxf6 {[%clk
0:48:53]} gxf6 {[%clk 0:49:18]} 12. Bc4 {[%clk 0:32:59]} Qa5+ {[%clk 0:47:37]}
13. Qxa5 {[%clk 0:30:42]} Nxa5 {[%clk 0:48:00]} 14. Bd5 {[%clk 0:30:05]} Rg8
{[%clk 0:40:34]} 15. O-O {[%clk 0:26:42]} Rc8 {[%clk 0:37:56]} 16. Rad1 {[%clk
0:19:24]} b5 {[%clk 0:32:59]} 17. c3 {[%clk 0:18:31]} Bh6 {[%clk 0:20:53]} 18.
Rd3 {[%clk 0:15:57]} Nc4 {[%clk 0:20:00]} 19. Nxc4 {[%clk 0:15:43]} bxc4 {[%clk
0:20:11]} 20. Rh3 {[%clk 0:15:56]} Rg6 {[%clk 0:17:26]} 21. Bb7 {[%clk 0:15:10]}
Rc5 {[%clk 0:15:42]} 22. Bxa6 {[%clk 0:11:07]} Kd7 {[%clk 0:13:27]} 23. b3 {[%clk
0:09:41]} cxb3 {[%clk 0:13:30]} 24. axb3 {[%clk 0:09:59]} Ra5 {[%clk 0:11:28]}
25. Bc4 {[%clk 0:09:12]} Ke7 {[%clk 0:11:36]} 26. Rd1 {[%clk 0:08:17]} Ra8 {[%clk
0:11:36]} 27. Rhd3 {[%clk 0:07:26]} Rd8 {[%clk 0:10:43]} 28. Ra1 {[%clk 0:06:43]}
Rg7 {[%clk 0:10:41]} 29. Rf3 {[%clk 0:05:00]} Bg5 {[%clk 0:10:28]} 30. Ra7+
{[%clk 0:03:56]} Kf8 {[%clk 0:10:40]} 31. g3 {[%clk 0:03:14]} h5 {[%clk 0:09:58]}
32. Kf1 {[%clk 0:03:00]} Rc8 {[%clk 0:10:13]} 33. h4 {[%clk 0:02:30]} Bd2 {[%clk
0:09:48]} 34. Rd3 {[%clk 0:02:03]} Bc1 {[%clk 0:09:42]} 35. Rxd6 {[%clk 0:02:00]}
Ke8 {[%clk 0:09:40]} 36. Rxf6 {[%clk 0:02:00]} Rd8 {[%clk 0:09:58]} 37. Bxf7+
{[%clk 0:01:44]} Rxf7 {[%clk 0:10:12]} 38. Rfxf7 {[%clk 0:02:04]} Rd1+ {[%clk
0:10:15]} 39. Kg2 {[%clk 0:02:04]} Kd8 {[%clk 0:10:11]} 40. Ra8# {[%clk 0:02:04]}
1-0

[Event "Greek Team Championship"]
[Site "chess24.com"]
[Date "2017.07.04"]
[Round "2"]
[White "Gavriil, Odysseas-Panagiotis"]
[Black "Spanos, Dimitrios"]
[Result "1-0"]
[Board "10"]
[WhiteElo "1679"]
[WhiteCountry "GRE"]
[WhiteFideId "4298012"]
[WhiteEloChange "3"]
[BlackElo "1353"]
[BlackCountry "GRE"]
[BlackFideId "25807846"]
[BlackEloChange "-3"]

1. e4 {[%clk 1:30:58]} c5 {[%clk 1:30:49]} 2. Nf3 {[%clk 1:31:23]} e6 {[%clk
1:31:15]} 3. d4 {[%clk 1:31:45]} cxd4 {[%clk 1:31:38]} 4. Nxd4 {[%clk 1:32:10]}
Nc6 {[%clk 1:31:50]} 5. Nc3 {[%clk 1:31:29]} a6 {[%clk 1:32:14]} 6. Be3 {[%clk
1:31:45]} Qc7 {[%clk 1:32:28]} 7. Be2 {[%clk 1:32:09]} Nf6 {[%clk 1:32:43]} 8.
O-O {[%clk 1:32:31]} Bb4 {[%clk 1:32:54]} 9. Nxc6 {[%clk 1:32:55]} bxc6 {[%clk
1:32:12]} 10. Qd4 {[%clk 1:33:22]} Be7 {[%clk 1:30:17]} 11. f4 {[%clk 1:33:29]}
d5 {[%clk 1:13:11]} 12. Qd3 {[%clk 1:11:38]} a5 {[%clk 1:08:26]} 13. e5 {[%clk
1:10:56]} Ba6 {[%clk 1:06:55]} 14. Qd1 {[%clk 1:10:04]} Bxe2 {[%clk 1:06:51]} 15.
Qxe2 {[%clk 1:10:27]} Nd7 {[%clk 1:07:14]} 16. Rf3 {[%clk 1:10:28]} Bc5 {[%clk
0:55:34]} 17. Na4 {[%clk 1:08:00]} Bxe3+ {[%clk 0:55:34]} 18. Qxe3 {[%clk
1:07:01]} Qa7 {[%clk 0:54:45]} 19. Qxa7 {[%clk 1:06:19]} Rxa7 {[%clk 0:54:34]}
20. Rc3 {[%clk 1:06:45]} Rc7 {[%clk 0:53:35]} 21. Nc5 {[%clk 1:06:57]} Ke7 {[%clk
0:51:12]} 22. a4 {[%clk 1:02:54]} Nxc5 {[%clk 0:50:12]} 23. Rxc5 {[%clk 1:03:22]}
Ra8 {[%clk 0:49:08]} 24. Ra3 {[%clk 1:03:44]} Kd7 {[%clk 0:49:10]} 25. Rh3 {[%clk
1:04:04]} h6 {[%clk 0:49:19]} 26. Rg3 {[%clk 1:03:37]} g6 {[%clk 0:49:43]} 27.
Rh3 {[%clk 1:04:04]} h5 {[%clk 0:50:02]} 28. g4 {[%clk 1:02:54]} hxg4 {[%clk
0:49:50]} 29. Rh7 {[%clk 1:03:14]} Ke7 {[%clk 0:49:51]} 30. Kg2 {[%clk 1:03:02]}
Ra6 {[%clk 0:49:03]} 31. Kg3 {[%clk 1:03:06]} Rb7 {[%clk 0:47:07]} 32. b3 {[%clk
1:03:02]} Rb4 {[%clk 0:46:41]} 33. Kxg4 {[%clk 1:02:39]} d4 {[%clk 0:46:16]} 34.
Rh3 {[%clk 1:01:40]} Kd7 {[%clk 0:41:20]} 35. Rd3 {[%clk 0:49:26]} Kc7 {[%clk
0:31:49]} 36. Rc4 {[%clk 0:47:06]} Rxc4 {[%clk 0:31:14]} 37. bxc4 {[%clk
0:47:35]} c5 {[%clk 0:30:59]} 38. Rb3 {[%clk 0:45:41]} Kc6 {[%clk 0:28:24]} 39.
Kg5 {[%clk 0:45:57]} Ra7 {[%clk 0:28:23]} 40. Kf6 {[%clk 1:16:01]} Rd7 {[%clk
0:56:06]} 41. h3 {[%clk 1:15:49]} Rc7 {[%clk 0:55:09]} 42. Rb5 {[%clk 1:16:13]}
Rd7 {[%clk 0:50:40]} 43. Rxa5 {[%clk 1:15:50]} d3 {[%clk 0:50:42]} 44. cxd3
{[%clk 1:16:10]} Rxd3 {[%clk 0:51:06]} 45. Kxf7 {[%clk 1:14:47]} Rd4 {[%clk
0:51:09]} 46. Ra6+ {[%clk 1:11:43]} Kd7 {[%clk 0:50:54]} 47. Rd6+ {[%clk
1:11:48]} Kc7 {[%clk 0:51:04]} 48. Rxe6 {[%clk 1:11:46]} Rxf4+ {[%clk 0:51:21]}
49. Kxg6 {[%clk 1:12:04]} Rxc4 {[%clk 0:51:25]} 50. a5 {[%clk 1:10:43]} Kd7
{[%clk 0:50:00]} 51. Rd6+ {[%clk 1:10:54]} Ke7 {[%clk 0:50:06]} 52. a6 {[%clk
1:10:23]} Ra4 {[%clk 0:50:31]} 53. Rc6 {[%clk 1:10:30]} c4 {[%clk 0:49:25]} 54.
Kf5 {[%clk 1:05:49]} Kd7 {[%clk 0:46:37]} 55. Rc5 {[%clk 1:05:42]} Rxa6 {[%clk
0:46:28]} 56. Rxc4 {[%clk 1:06:07]} Rh6 {[%clk 0:45:19]} 57. h4 {[%clk 1:06:24]}
Ke7 {[%clk 0:44:51]} 58. Kg5 {[%clk 1:05:29]} Rh8 {[%clk 0:44:52]} 59. Rc6 {[%clk
1:05:47]} Kd7 {[%clk 0:44:23]} 60. Rf6 {[%clk 1:05:35]} Ke7 {[%clk 0:42:24]} 61.
h5 {[%clk 1:05:24]} Rg8+ {[%clk 0:42:09]} 62. Rg6 {[%clk 1:04:53]} Rh8 {[%clk
0:41:51]} 63. h6 {[%clk 1:05:01]} Kf7 {[%clk 0:41:30]} 64. Rg7+ {[%clk 1:04:51]}
Kf8 {[%clk 0:38:37]} 65. e6 {[%clk 1:03:26]} Ke8 {[%clk 0:38:39]} 66. e7 {[%clk
1:03:08]} Kd7 {[%clk 0:38:44]} 67. h7 {[%clk 1:03:08]} Ra8 {[%clk 0:38:15]} 68.
e8Q+ {[%clk 1:03:28]} 1-0

[Event "Greek Team Championship"]
[Site "chess24.com"]
[Date "2017.07.04"]
[Round "2"]
[White "Wieczorek, Oskar"]
[Black "Czarnota, Pawel"]
[Result "1/2-1/2"]
[Board "1"]
[WhiteElo "2462"]
[WhiteTitle "IM"]
[WhiteCountry "POL"]
[WhiteFideId "1133950"]
[WhiteEloChange "1"]
[BlackElo "2557"]
[BlackTitle "GM"]
[BlackCountry "POL"]
[BlackFideId "1121219"]
[BlackEloChange "-1"]

1. e4 {[%clk 1:29:02]} c6 {[%clk 1:30:53]} 2. d4 {[%clk 1:29:17]} d5 {[%clk
1:31:16]} 3. Nd2 {[%clk 1:29:33]} dxe4 {[%clk 1:31:37]} 4. Nxe4 {[%clk 1:29:52]}
Bf5 {[%clk 1:32:01]} 5. Ng3 {[%clk 1:30:17]} Bg6 {[%clk 1:32:25]} 6. N1e2 {[%clk
1:30:38]} Nf6 {[%clk 1:31:07]} 7. Nf4 {[%clk 1:30:15]} e5 {[%clk 1:31:02]} 8.
Nxg6 {[%clk 1:29:37]} hxg6 {[%clk 1:31:09]} 9. dxe5 {[%clk 1:29:48]} Qa5+ {[%clk
1:31:12]} 10. Bd2 {[%clk 1:30:10]} Qxe5+ {[%clk 1:31:35]} 11. Qe2 {[%clk
1:30:31]} Nbd7 {[%clk 1:31:59]} 12. Qxe5+ {[%clk 1:20:59]} Nxe5 {[%clk 1:32:22]}
13. Be2 {[%clk 1:21:23]} Bc5 {[%clk 1:30:24]} 14. Bc3 {[%clk 1:18:00]} Ned7
{[%clk 1:28:50]} 15. O-O {[%clk 1:12:15]} O-O {[%clk 1:28:40]} 16. Bf3 {[%clk
1:00:35]} Rfe8 {[%clk 1:27:55]} 17. Rfe1 {[%clk 0:59:48]} Nb6 {[%clk 1:27:16]}
18. Rad1 {[%clk 0:57:08]} Rad8 {[%clk 1:23:06]} 19. Rxe8+ {[%clk 0:52:47]} Rxe8
{[%clk 1:23:23]} 20. Kf1 {[%clk 0:52:46]} Kf8 {[%clk 1:19:28]} 21. b3 {[%clk
0:43:57]} Nbd7 {[%clk 1:09:17]} 22. h4 {[%clk 0:37:54]} Ne5 {[%clk 1:07:03]} 23.
Bxe5 {[%clk 0:38:06]} Rxe5 {[%clk 1:07:26]} 24. Rd8+ {[%clk 0:36:00]} Re8 {[%clk
1:07:35]} 25. Rd1 {[%clk 0:36:10]} Ke7 {[%clk 1:05:30]} 26. Ne4 {[%clk 0:35:32]}
Nxe4 {[%clk 1:05:54]} 27. Bxe4 {[%clk 0:35:55]} Rd8 {[%clk 1:06:07]} 28. Rxd8
{[%clk 0:36:12]} Kxd8 {[%clk 1:06:31]} 29. Ke2 {[%clk 0:36:23]} Ke7 {[%clk
1:06:42]} 30. c3 {[%clk 0:36:14]} a5 {[%clk 1:07:06]} 31. a4 {[%clk 0:36:25]}
1/2-1/2

[Event "Greek Team Championship"]
[Site "chess24.com"]
[Date "2017.07.04"]
[Round "2"]
[White "Sandalakis, Angelos"]
[Black "Pavlidis, Anastasios"]
[Result "1/2-1/2"]
[Board "2"]
[WhiteElo "2446"]
[WhiteTitle "IM"]
[WhiteCountry "GRE"]
[WhiteFideId "4207645"]
[WhiteEloChange "-1"]
[BlackElo "2398"]
[BlackTitle "IM"]
[BlackCountry "GRE"]
[BlackFideId "4208404"]
[BlackEloChange "1"]

1. e4 {[%clk 1:30:57]} e5 {[%clk 1:29:37]} 2. Nf3 {[%clk 1:31:17]} Nc6 {[%clk
1:29:57]} 3. Bb5 {[%clk 1:31:23]} Nge7 {[%clk 1:30:05]} 4. O-O {[%clk 1:29:49]}
g6 {[%clk 1:30:17]} 5. d4 {[%clk 1:30:10]} exd4 {[%clk 1:28:56]} 6. Nxd4 {[%clk
1:27:20]} Bg7 {[%clk 1:27:47]} 7. Ne2 {[%clk 1:23:45]} a6 {[%clk 1:26:18]} 8.
Bxc6 {[%clk 1:22:08]} Nxc6 {[%clk 1:26:21]} 9. Nbc3 {[%clk 1:22:34]} O-O {[%clk
1:26:18]} 10. Bf4 {[%clk 1:22:34]} d6 {[%clk 1:26:12]} 11. Qd2 {[%clk 1:22:40]}
Re8 {[%clk 1:20:56]} 12. Bg5 {[%clk 1:17:35]} f6 {[%clk 1:21:09]} 13. Bh6 {[%clk
1:17:36]} Bh8 {[%clk 1:18:55]} 14. Ng3 {[%clk 1:14:21]} Be6 {[%clk 1:15:51]} 15.
f4 {[%clk 1:10:15]} Bc4 {[%clk 1:06:48]} 16. b3 {[%clk 0:57:56]} Bf7 {[%clk
1:07:10]} 17. Rae1 {[%clk 0:57:41]} Qd7 {[%clk 1:00:54]} 18. h3 {[%clk 0:49:22]}
f5 {[%clk 0:45:42]} 19. Kh2 {[%clk 0:46:17]} Nd4 {[%clk 0:42:48]} 20. Nce2 {[%clk
0:42:33]} Nxe2 {[%clk 0:41:42]} 21. Rxe2 {[%clk 0:42:55]} fxe4 {[%clk 0:40:08]}
22. Nxe4 {[%clk 0:39:34]} d5 {[%clk 0:38:34]} 23. Nc5 {[%clk 0:34:53]} Qd6 {[%clk
0:35:26]} 24. Nd3 {[%clk 0:34:54]} Rxe2 {[%clk 0:35:41]} 25. Qxe2 {[%clk
0:35:19]} Re8 {[%clk 0:35:54]} 26. Qf2 {[%clk 0:35:18]} Be6 {[%clk 0:28:35]} 27.
Re1 {[%clk 0:34:29]} Bd7 {[%clk 0:28:59]} 28. a4 {[%clk 0:30:13]} Re4 {[%clk
0:25:52]} 29. Qa7 {[%clk 0:24:34]} Rxe1 {[%clk 0:25:29]} 30. Nxe1 {[%clk
0:25:00]} Bg7 {[%clk 0:25:21]} 31. Bxg7 {[%clk 0:21:42]} Qxf4+ {[%clk 0:24:45]}
32. Kg1 {[%clk 0:20:23]} Kxg7 {[%clk 0:24:33]} 33. Qxb7 {[%clk 0:20:44]} Qe3+
{[%clk 0:20:41]} 34. Kf1 {[%clk 0:20:05]} Qf4+ {[%clk 0:20:36]} 35. Kg1 {[%clk
0:19:27]} Qe3+ {[%clk 0:20:06]} 36. Kf1 {[%clk 0:19:06]} Qf4+ {[%clk 0:18:57]}
37. Kg1 {[%clk 0:16:42]} 1/2-1/2

[Event "Greek Team Championship"]
[Site "chess24.com"]
[Date "2017.07.04"]
[Round "2"]
[White "Bunis, Vassilis"]
[Black "Santagati, Alessandro"]
[Result "1/2-1/2"]
[Board "3"]
[WhiteElo "2237"]
[WhiteTitle "FM"]
[WhiteCountry "GRE"]
[WhiteFideId "4203127"]
[WhiteEloChange "2"]
[BlackElo "2315"]
[BlackTitle "FM"]
[BlackCountry "ITA"]
[BlackFideId "814644"]
[BlackEloChange "-2"]

1. e4 {[%clk 1:30:55]} e6 {[%clk 1:30:50]} 2. d4 {[%clk 1:31:20]} d5 {[%clk
1:31:14]} 3. Nd2 {[%clk 1:31:46]} h6 {[%clk 1:31:34]} 4. Ngf3 {[%clk 1:31:59]}
Nf6 {[%clk 1:31:45]} 5. Bd3 {[%clk 1:32:22]} c5 {[%clk 1:31:57]} 6. exd5 {[%clk
1:32:31]} exd5 {[%clk 1:32:09]} 7. dxc5 {[%clk 1:32:42]} Bxc5 {[%clk 1:32:27]} 8.
O-O {[%clk 1:33:00]} O-O {[%clk 1:32:27]} 9. Nb3 {[%clk 1:33:08]} Bb6 {[%clk
1:32:48]} 10. Bf4 {[%clk 1:32:36]} Nc6 {[%clk 1:31:20]} 11. c3 {[%clk 1:28:21]}
Re8 {[%clk 1:28:11]} 12. Nfd4 {[%clk 1:27:41]} Ne4 {[%clk 1:21:30]} 13. Qh5
{[%clk 1:22:57]} Qf6 {[%clk 1:18:27]} 14. Be3 {[%clk 1:11:52]} Ne5 {[%clk
1:14:07]} 15. Be2 {[%clk 1:08:01]} Bd7 {[%clk 1:01:05]} 16. Rad1 {[%clk 1:06:37]}
Rad8 {[%clk 1:00:12]} 17. Nc2 {[%clk 0:49:07]} Bc7 {[%clk 0:34:44]} 18. Bd4
{[%clk 0:41:57]} Qd6 {[%clk 0:31:48]} 19. f4 {[%clk 0:39:38]} Ng6 {[%clk
0:29:42]} 20. g3 {[%clk 0:39:05]} Bb6 {[%clk 0:22:40]} 21. Qf3 {[%clk 0:31:46]}
Nf6 {[%clk 0:18:06]} 22. Qg2 {[%clk 0:28:22]} Bg4 {[%clk 0:14:38]} 23. Rfe1
{[%clk 0:26:30]} Bxe2 {[%clk 0:13:26]} 24. Rxe2 {[%clk 0:26:49]} Rxe2 {[%clk
0:13:38]} 25. Qxe2 {[%clk 0:27:10]} Re8 {[%clk 0:13:55]} 26. Qf3 {[%clk 0:27:12]}
Re4 {[%clk 0:11:16]} 27. Nd2 {[%clk 0:20:17]} Re8 {[%clk 0:10:19]} 28. Nb3 {[%clk
0:17:18]} Re4 {[%clk 0:09:00]} 29. Nd2 {[%clk 0:15:38]} Re8 {[%clk 0:08:48]} 30.
Nb3 {[%clk 0:15:38]} 1/2-1/2

[Event "Greek Team Championship"]
[Site "chess24.com"]
[Date "2017.07.04"]
[Round "2"]
[White "Sandalakis, Nikolaos"]
[Black "Kazakos, Emmanouil"]
[Result "0-1"]
[Board "4"]
[WhiteElo "2229"]
[WhiteCountry "GRE"]
[WhiteFideId "4222890"]
[WhiteEloChange "-13"]
[BlackElo "2117"]
[BlackCountry "GRE"]
[BlackFideId "4216555"]
[BlackEloChange "13"]

1. e4 {[%clk 1:27:37]} c5 {[%clk 1:30:47]} 2. Nf3 {[%clk 1:27:50]} e6 {[%clk
1:31:12]} 3. d4 {[%clk 1:28:14]} cxd4 {[%clk 1:31:38]} 4. Nxd4 {[%clk 1:28:41]}
a6 {[%clk 1:31:55]} 5. c4 {[%clk 1:28:19]} Nf6 {[%clk 1:32:10]} 6. Nc3 {[%clk
1:28:18]} Qc7 {[%clk 1:32:36]} 7. a3 {[%clk 1:27:55]} Be7 {[%clk 1:32:40]} 8. Be2
{[%clk 1:26:29]} d6 {[%clk 1:32:41]} 9. Be3 {[%clk 1:22:34]} b6 {[%clk 1:32:55]}
10. f4 {[%clk 1:16:20]} Bb7 {[%clk 1:26:18]} 11. Qd3 {[%clk 1:16:05]} Nbd7 {[%clk
1:21:11]} 12. b4 {[%clk 1:15:21]} Rc8 {[%clk 1:14:25]} 13. Rc1 {[%clk 1:10:34]}
h6 {[%clk 1:12:13]} 14. O-O {[%clk 1:09:35]} g5 {[%clk 1:06:15]} 15. f5 {[%clk
0:32:05]} Ne5 {[%clk 0:59:21]} 16. Qd1 {[%clk 0:32:01]} Qd7 {[%clk 0:54:59]} 17.
fxe6 {[%clk 0:30:42]} fxe6 {[%clk 0:55:18]} 18. Bh5+ {[%clk 0:28:45]} Nxh5 {[%clk
0:44:49]} 19. Qxh5+ {[%clk 0:29:07]} Kd8 {[%clk 0:45:12]} 20. Nd5 {[%clk
0:23:27]} exd5 {[%clk 0:39:40]} 21. cxd5 {[%clk 0:08:40]} Qg4 {[%clk 0:39:10]}
22. Ne6+ {[%clk 0:06:24]} Kd7 {[%clk 0:39:33]} 23. Rxc8 {[%clk 0:03:50]} Rxc8
{[%clk 0:26:14]} 0-1